Text Book Of Engineering Graphics-II (Record no. 318163)

MARC details
000 -LEADER
fixed length control field 00429nam a2200169Ia 4500
008 - FIXED-LENGTH DATA ELEMENTS--GENERAL INFORMATION
fixed length control field 230718s9999 xx 000 0 und d
041 ## - LANGUAGE CODE
Language code of text/sound track or separate title eng
082 ## - DEWEY DECIMAL CLASSIFICATION NUMBER
Classification number 604.20
Item number DAB
100 ## - MAIN ENTRY--PERSONAL NAME
Personal name Dabhade M.L.
245 ## - TITLE STATEMENT
Title Text Book Of Engineering Graphics-II
250 ## - EDITION STATEMENT
Edition statement 7th ed.
260 ## - PUBLICATION, DISTRIBUTION, ETC. (IMPRINT)
Date of publication, distribution, etc. 2004
Name of publisher, distributor, etc. Vision Publications
300 ## - PHYSICAL DESCRIPTION
Extent 621
Accompanying material [OBSOLETE, CAN/MARC] Ref 211 G (18716)
365 ## - TRADE PRICE
Currency code Rs.
Price amount 300.00
700 ## - ADDED ENTRY--PERSONAL NAME
Personal name Dabhade M.L.
906 ## - LOCAL DATA ELEMENT F, LDF (RLIN)
c ALLIED
b 45
Holdings
Withdrawn status Lost status Damaged status Not for loan Home library Current library Date acquired Vendor Budget Code Cost, normal purchase price Total Checkouts Full call number Barcode Date last seen Date last checked out Discount Cost, replacement price Bill Date Koha item type Original Barcode
        Cummins College of Engineering for Women Pune Cummins College of Engineering for Women Pune 10/07/2008 Masurkar Enterprises ALLIED 255.00 1 604.20 CCEP-BK-29370 25/10/2024 22/10/2024 45 300.00 18/07/2023 Books 029370